Pokémon - Les attaques de Crabominable - Statistiques

Statistiques générales
  • Ce quiz a été pris 17 fois
  • Le résultat moyen est 10 sur 14
Statistiques - réponses
Niveaux Types Noms des attaques % Correct
Niveau 49 Combat Close Combat
100%
Niveau 22 Combat Poing Boost
100%
Niveau 29 Glace Avalanche
86%
Niveau 33 Combat Contre
86%
Départ Niveau 5 Combat Éclate-Roc
86%
Niveau 37 Glace Marteau de Glace
86%
Niveau 42 Acier Mur de Fer
86%
Niveau 17 Eau Bulles d'O
71%
Départ Eau Écume
71%
Départ Évolution Glace Poing-Glace
71%
Niveau 45 Combat Dynamopoing
57%
Départ Niveau 9 Normal Groz'Yeux
43%
Départ Niveau 13 Ténèbres Poursuite
14%
Niveau 25 Normal Uppercut
14%
Aucun quiz correspondant
Distribution des résultats
% des personnes avec chaque résultat
Percentile par nombre de réponses
Votre historique - résultats
Vous n’avez pas pris ce quiz